000 00453cam a2200133u 4500
082 _a954.03
_bPAR
100 1 _aCompton, Herbert,
_950407
245 0 2 _aA particular account of the European military adventures of Hindustan, from 1784 to 1803,
260 _aLondon,
_bT.F. Unwin,
_c1893.
300 _a419, [1] p.
_bfront. (fold. map) illus., plates, ports.
_c22 cm.
526 _a0
_b0
_c0
_d954_030000000000000_PAR
650 _aMCE
_9379
942 _2ddc
_cBK
999 _c553136
_d553136